<?xml version="1.0" encoding="UTF-8"?>
<record
    xmlns:xsi="http://www.w3.org/2001/XMLSchema-instance"
    xsi:schemaLocation="http://www.loc.gov/MARC21/slim http://www.loc.gov/standards/marcxml/schema/MARC21slim.xsd"
    xmlns="http://www.loc.gov/MARC21/slim">

  <leader>02877nam a22003733i 4500</leader>
  <controlfield tag="001">991027358221907026</controlfield>
  <controlfield tag="003">UkOxU</controlfield>
  <controlfield tag="005">20260304131636.0</controlfield>
  <controlfield tag="006">m     o  d |      </controlfield>
  <controlfield tag="007">cr#cnu||||||||</controlfield>
  <controlfield tag="008">220904s2022    xx      o     ||||0 eng d</controlfield>
  <datafield tag="020" ind1=" " ind2=" ">
    <subfield code="a">9781529420258</subfield>
  </datafield>
  <datafield tag="035" ind1=" " ind2=" ">
    <subfield code="a">(MiAaPQ)EBC7079518</subfield>
  </datafield>
  <datafield tag="035" ind1=" " ind2=" ">
    <subfield code="a">(Au-PeEL)EBL7079518</subfield>
  </datafield>
  <datafield tag="035" ind1=" " ind2=" ">
    <subfield code="a">(CKB)24767655000041</subfield>
  </datafield>
  <datafield tag="035" ind1=" " ind2=" ">
    <subfield code="a">(Exl-AI)7079518</subfield>
  </datafield>
  <datafield tag="035" ind1=" " ind2=" ">
    <subfield code="a">(OCoLC)1344158095</subfield>
  </datafield>
  <datafield tag="035" ind1=" " ind2=" ">
    <subfield code="a">(Perlego)3634506</subfield>
  </datafield>
  <datafield tag="035" ind1=" " ind2=" ">
    <subfield code="a">(EXLCZ)9924767655000041</subfield>
  </datafield>
  <datafield tag="040" ind1=" " ind2=" ">
    <subfield code="a">MiAaPQ</subfield>
    <subfield code="b">eng</subfield>
    <subfield code="e">rda</subfield>
    <subfield code="e">pn</subfield>
    <subfield code="c">MiAaPQ</subfield>
    <subfield code="d">MiAaPQ</subfield>
  </datafield>
  <datafield tag="041" ind1=" " ind2=" ">
    <subfield code="a">English</subfield>
  </datafield>
  <datafield tag="050" ind1=" " ind2="4">
    <subfield code="a">HF5825.L56</subfield>
  </datafield>
  <datafield tag="100" ind1=" " ind2=" ">
    <subfield code="a">Lingwood, Gyles.</subfield>
    <subfield code="9">26774</subfield>
  </datafield>
  <datafield tag="245" ind1="1" ind2="0">
    <subfield code="a">Copywriting Third Edition </subfield>
    <subfield code="b">: Successful Writing for Design, Advertising and Marketing.</subfield>
  </datafield>
  <datafield tag="250" ind1=" " ind2=" ">
    <subfield code="a">First edition</subfield>
  </datafield>
  <datafield tag="264" ind1=" " ind2="1">
    <subfield code="a">London :</subfield>
    <subfield code="b">Laurence King Publishing,</subfield>
    <subfield code="c">2022.</subfield>
  </datafield>
  <datafield tag="300" ind1=" " ind2=" ">
    <subfield code="a">346 pages</subfield>
  </datafield>
  <datafield tag="505" ind1="8" ind2=" ">
    <subfield code="a">Getting to grips with copywriting &#x2014; The art of writing great copy &#x2014; Writing for brand and marketing &#x2014; Interview: Rishi Dastidar, Brandpie &#x2014; Interview: Vikki Ross, brand and copy consultant &#x2014; Case Study: IKEA &#x201C;Silence the Critics&#x201D; &#x2014; Case Study: Specialized &#x2014; Writing for advertising and direct marketing &#x2014; Interview: Beth Grace, BrandOpus &#x2014; Interview: Will Awdry, Sutton Young &#x2014; Case Study: Right To Play &#x2014; Case Study: Lyric Opera of Chicago &#x2014; Writing for digital environments &#x2014; Interview: Jureeporn Thaidumrong, GREYnJ United &#x2014; Interview: Glenn Fisher, All Good Copy &#x2014; Case Study: General Electric&#x2019;s My Mom Makes &#x2014; Case Study: getcoleman.com &#x2014; Case Study: monstersupplies.org &#x2014; Writing for retailing and products &#x2014; Interview: Meredith Mathews, Half Price Books &#x2014; Interview: Paul Marshall, Anatomicals &#x2014; Case Study: Method Home Products &#x2014; Case Study: Pret A Manger &#x2014; Writing for company magazines, newsletters and internal communications &#x2014; Interview: Helen Deverell, Helen Deverell Communications.</subfield>
  </datafield>
  <datafield tag="520" ind1=" " ind2=" ">
    <subfield code="a">This book, 'Copywriting: Successful Writing for Design, Advertising and Marketing,' provides a comprehensive guide to the art of copywriting, focusing on its essential role in branding and marketing. The authors, Gyles Lingwood and Mark Shaw, aim to equip readers with the skills needed to craft effective and engaging copy that aligns with an organization's values and resonates with its target audience. The book covers various aspects of copywriting, including writing for digital environments, advertising, brand messaging, and more. It includes interviews and case studies to illustrate successful practices. Intended for both novice and professional writers, it emphasizes the importance of creative thinking and understanding audience preferences in successful copywriting.</subfield>
  </datafield>
  <datafield tag="650" ind1=" " ind2="0">
    <subfield code="a">Branding (Marketing)</subfield>
    <subfield code="9">6284</subfield>
  </datafield>
  <datafield tag="650" ind1=" " ind2="0">
    <subfield code="a">Advertising</subfield>
    <subfield code="9">2839</subfield>
  </datafield>
  <datafield tag="700" ind1=" " ind2=" ">
    <subfield code="a">Shaw, Mark.</subfield>
    <subfield code="9">26775</subfield>
  </datafield>
  <datafield tag="942" ind1=" " ind2=" ">
    <subfield code="2">lcc</subfield>
  </datafield>
  <datafield tag="952" ind1=" " ind2=" ">
    <subfield code="0">0</subfield>
    <subfield code="1">0</subfield>
    <subfield code="2">lcc</subfield>
    <subfield code="4">0</subfield>
    <subfield code="7">0</subfield>
    <subfield code="a">TBS</subfield>
    <subfield code="b">TBS</subfield>
    <subfield code="d">2026-03-04</subfield>
    <subfield code="l">0</subfield>
    <subfield code="r">2026-03-04</subfield>
    <subfield code="t">1</subfield>
    <subfield code="w">2026-03-04</subfield>
    <subfield code="y">1</subfield>
    <subfield code="z">SOON AVAILABLE</subfield>
  </datafield>
  <datafield tag="999" ind1=" " ind2=" ">
    <subfield code="c">5374</subfield>
    <subfield code="d">5374</subfield>
  </datafield>
</record>
